000 00283nam a22001217a 4500
008 190204b xxu||||| |||| 00| 0 eng d
041 _aeng
080 _a821
100 _a22
101 _aGJL
245 _aThe Norton Anthology of English Literature
_cAbrams, M.H
942 _2udc
_cBK
999 _c53940
_d53940